000 01285nam a22003254a 4500
001 ebr10113958
003 CaPaEBR
006 m u
007 cr cn|||||||||
008 050103s2005 njua sb 001 0 eng
010 _z 2005000045
020 _z0471724459 (cloth : alk. paper)
040 _aCaPaEBR
_cCaPaEBR
035 _a(OCoLC)228125001
050 1 4 _aHF5686.N56
_bG76 2005eb
082 0 4 _a657/.98
_222
100 1 _aGross, Malvern J.
245 1 0 _aFinancial and accounting guide for not-for-profit organizations
_h[electronic resource] /
_cMalvern J. Gross, Jr., John H. McCarthy, Nancy E. Shelmon.
250 _a7th ed.
260 _aHoboken, N.J. :
_bWiley,
_cc2005.
300 _axxi, 770 p. :
_bill.
504 _aIncludes bibliographical references and index.
533 _aElectronic reproduction.
_bPalo Alto, Calif. :
_cebrary,
_d2013.
_nAvailable via World Wide Web.
_nAccess may be limited to ebrary affiliated libraries.
650 0 _aNonprofit organizations
_xAccounting.
655 7 _aElectronic books.
_2local
700 1 _aMcCarthy, John H.
700 1 _aShelmon, Nancy E.
710 2 _aebrary, Inc.
856 4 0 _uhttp://site.ebrary.com/lib/rucke/Doc?id=10113958
_zAn electronic book accessible through the World Wide Web; click to view
999 _c209237
_d209237